[Event "Stay Safe Play From Home 235"]
[Site "Emanuel Lasker Arena"]
[Date "2020.06.18"]
[Round "1"]
[White "Broken sword"]
[Black "Grazie"]
[Result "1-0"]
[WhiteElo "2424"]
[BlackElo "1860"]
[Annotator "TA"]
[PlyCount "79"]
[EventDate "2020.06.18"]
[EventType "swiss (blitz)"]

{[%evp 13,79,4,10,1,11,2,20,0,9,-18,-18,-12,-2,-30,-16,-24,0,-29,4,-77,0,-36,32,25,61,54,54,43,52,41,158,39,66,71,256,254,238,252,384,369,383,370,372,285,410,0,356,271,264,262,307,16,18,0,0,0,16,0,130,124,127,130,304,316,287,230,390,377]} 1. d4 e6 2. c3 d5 3. Nf3 Nf6 4. Bg5 Be7 5. e3 a6 6. Nbd2 Nbd7 7. Bd3 c5 8. O-O {D03: 1 d4 d5 2 Nf3 Nf6 3 Bg5, including Torre Attack with early ...d5.} b5 9. a4 b4 {[#]} 10. Bc2 $146 {The position is equal.} ({Predecessor:} 10. cxb4 cxb4 11. a5 Bb7 12. Qe2 Ne4 13. Bxe7 Qxe7 14. Rfc1 Qd6 15. Bxe4 dxe4 16. Nc4 {1-0 (26) Frenklakh,V (2275)-Nagy,L (2047) Helsinki 2001}) 10... Bb7 11. Re1 h6 12. Bh4 O-O 13. Rc1 Rc8 14. Qe2 Qb6 15. Bb1 Rfe8 16. Qd3 (16. c4 $1 $11 {remains equal.}) 16... Nf8 (16... c4 $17 17. Qe2 Bc6) 17. Ne5 cxd4 (17... c4 $15 18. Qe2 N8d7) 18. cxd4 $14 Rc7 19. Rxc7 Qxc7 20. Nb3 Rc8 21. h3 a5 {[#]} ({Black should play} 21... Bd6 $14) 22. Qd2 (22. Qb5 $1 $16) 22... Ba6 23. Rc1 Qb8 $2 (23... Bc4 $16) 24. Nxa5 $18 Rxc1+ 25. Qxc1 b3 {[#]} (25... Bd6 $142 26. Bg3 Qb6) 26. Nac6 $1 Qc7 27. Nxe7+ Qxe7 28. Ng4 N8d7 (28... h5 {was worth a try.}) 29. Ne5 Nf8 $1 30. Qc3 Qb7 31. Nc6 Bc4 32. Nb4 $2 (32. Na5 $18 Qa6 33. Bxf6 (33. Nxb3 Qxa4 34. Bc2 Ne4 $16) 33... gxf6 34. Qb4) 32... Qa8 33. f3 Qxa4 34. Kh2 Qa1 35. Bd3 Qd1 (35... N8d7 $11) 36. Bxc4 $16 dxc4 37. Qxc4 Nd5 $2 (37... g5 $16 {might work better.}) 38. Nxd5 $18 exd5 39. Qxd5 {And now Qd8 would win.} Qc2 $2 (39... Ng6 40. Bg3 Qc2) 40. Qd8 {Accuracy: White = 54%, Black = 39%.} 1-0

[Event "Stay Safe Play From Home 235"]
[Site "Emanuel Lasker Arena"]
[Date "2020.06.18"]
[Round "1"]
[White "Mepe_Nika"]
[Black "Position"]
[Result "1-0"]
[WhiteElo "2352"]
[BlackElo "2053"]
[Annotator "TA"]
[PlyCount "127"]
[EventDate "2020.06.18"]
[EventType "swiss (blitz)"]

{[%evp 13,126,-7,15,1,32,20,52,8,40,45,73,72,70,77,172,45,49,56,30,0,47,49,87,13,29,18,61,12,93,17,22,0,182,186,205,216,205,200,235,234,287,276,276,276,299,299,324,261,313,313,322,313,316,313,266,287,286,237,363,359,643,628,751,745,621,617,574,588,658,565,582,437,557,445,5904,461,29986,29987,29987,29988,29987,29988,29988,29989,29991,29992,29992,29993,29993,29991,29991,29990,29992,29993,29993,29994,29994,29995,29996,29996,29996,29995,29995,29996,29997,29998,29998,29998,29998,29998,29998,29998,29998,29999,29999]} 1. d4 d6 2. Bf4 Nf6 3. e3 g6 4. Nf3 Bg7 5. h3 O-O 6. Be2 Nbd7 7. O-O Re8 8. Bh2 {A48: 1 d4 Nf6 2 Nf3 g6: Torre, London and Colle Systems.} c6 9. c4 Qb6 10. Qb3 {[#] White is slightly better.} Qxb3 $146 ({Predecessor:} 10... Qa5 11. Qc3 Qxc3 12. Nxc3 e5 13. Rac1 a6 14. b4 b6 15. Rfd1 Bf8 16. a4 Bb7 {½-½ (42) Bodler,M (1635)-Huber,E (2020) Bayern 1994}) 11. axb3 e5 12. Nc3 exd4 13. Nxd4 d5 (13... Nc5 $16 {was necessary.}) 14. Rfd1 (14. cxd5 $18 Nb8 15. Bxb8 Rxb8 16. dxc6 (16. Rxa7 Nxd5 17. Rd1 Nb4 $14)) 14... dxc4 $14 15. bxc4 Nc5 16. Bf3 Bd7 17. b4 $36 {[%mdl 2048] Black is under pressure.} Ne6 18. Rab1 (18. b5 $16) 18... a6 19. Na4 Rad8 20. Nb6 Bc8 (20... Nxd4 $11 21. exd4 Bf5) 21. Nxe6 (21. Nb3 $16) 21... Bxe6 22. c5 Nd7 $2 {[#] Black is on the road to losing.} (22... h5 $11) 23. Bc7 $18 Rc8 24. Nxc8 ({Weaker is} 24. Rxd7 Bxd7 25. Nxc8 Rxc8 $11) 24... Rxc8 25. Bd6 Nf6 26. Be5 Nd5 27. Bxg7 Kxg7 28. Bxd5 Bxd5 {[%mdl 4096] Endgame KRR-KRB} 29. Rd4 Re8 30. Re1 f5 31. f3 Kf6 32. Kf2 Ra8 33. e4 fxe4 34. fxe4 Be6 35. Ke3 Ke7 (35... a5 $142 36. bxa5 Rxa5) 36. Ra1 a5 $2 (36... Kf6 37. Rd2 h5) 37. Rxa5 Rf8 38. b5 cxb5 39. Rxb5 Bc8 40. Rb6 Rf1 41. Rbd6 Rc1 42. R6d5 Rc3+ 43. Kd2 Kf6 (43... Rg3 $142 44. Rd8 Rxg2+ 45. Ke3 Be6) 44. Re5 (44. Kxc3 $142 Be6 45. e5+ Ke7 46. Rd6) 44... Be6 {[#]} (44... Rg3 $18) 45. Rxe6+ $1 {White mates.} Kxe6 46. Kxc3 {KR-K3P} Ke5 47. Kc4 Ke6 48. Rd6+ Ke7 49. Rb6 Kd7 50. Rxb7+ {KR-KPP} Ke6 51. Rb6+ Ke5 52. Kb5 Kxe4 53. c6 Kf4 54. c7 Kg3 55. c8=Q Kxg2 56. Qd7 Kg3 57. Qxh7 Kg2 58. Qxg6+ Kh2 59. Qg5 Kh1 60. h4 Kh2 61. h5 Kh1 62. h6 Kh2 63. h7 {[%cal Rh7h8]} Kh1 64. h8=Q# {Accuracy: White = 60%, Black = 29%.} 1-0

[Event "Stay Safe Play From Home 235"]
[Site "Emanuel Lasker Arena"]
[Date "2020.06.18"]
[Round "1"]
[White "Lamborghini"]
[Black "Souchov"]
[Result "1-0"]
[WhiteElo "2181"]
[BlackElo "1712"]
[Annotator "TA"]
[PlyCount "135"]
[EventDate "2020.06.18"]
[EventType "swiss (blitz)"]

{[%evp 13,135,12,10,12,16,3,16,-3,0,0,0,-21,-22,-36,-29,-38,20,22,22,16,23,29,37,10,32,0,0,-14,0,-22,169,179,472,467,524,476,580,544,571,575,601,586,631,600,595,585,614,619,631,617,710,708,812,685,816,695,693,654,1360,702,809,808,793,786,921,926,879,796,1102,915,898,875,1256,1227,2062,2146,2750,2647,2524,2231,29978,29978,29982,29982,29982,29982,29985,29986,29986,29987,29987,29988,29987,29988,29991,29992,29992,29993,29993,29994,29994,29995,29995,29996,29997,29997,29997,29998,29998,29997,29997,29998,29998,29997,29998,29997,29997,29998,29998,29998,29998,29998,29998,5185]} 1. e4 c6 2. d4 d5 3. Nc3 dxe4 4. Nxe4 Nf6 5. Nxf6+ exf6 6. Bc4 Bd6 7. Qe2+ Qe7 8. Qxe7+ {B15: Caro-Kann: 3 Nc3: 3...g6 and 3...dxe4 4 Nxe4 Nf6 5 Nxf6+ exf6.} Bxe7 9. Bf4 Nd7 {[%cal Bb8d7,Bd7b6,Bb6d5][%mdl 32]} 10. O-O-O {The position is equal.} Nb6 {[#]} 11. Bb3 $146 ({Predecessor:} 11. Bd3 Be6 12. a3 Nd5 13. Bg3 O-O-O 14. Nf3 Bd6 15. Bxd6 Rxd6 16. Rhe1 Bg4 17. h3 {½-½ (30) Uffing,P-Schopbarteld Netherlands 1995}) 11... Be6 12. Bxe6 fxe6 13. Nf3 Nd5 14. Bg3 Kd7 (14... b5 $15) 15. c4 $11 Nb6 16. b3 $36 {[%mdl 2048] White has some pressure.} a5 17. a4 Bb4 18. Kc2 Ke7 19. Rd3 Kf7 20. Re3 Rhe8 21. h4 Rad8 $2 {Now Black is done in.} (21... Nc8 $11 {and Black stays safe.}) 22. Bc7 $1 $18 {[%csl LRb6,LRd8][%mdl 64] [#] Double Attack} Rd7 $2 (22... Nc8) 23. Bxb6 h5 24. Rd1 Kg6 25. Rdd3 Kf7 26. Nd2 Kg6 27. Ne4 Kf7 28. Nc5 Rde7 29. Rd1 Ra8 30. Nd3 Ra6 31. Nxb4 axb4 32. Bc5 {[%mdl 64] Double Attack} Rd7 33. Bxb4 b6 34. Red3 Ra8 35. d5 c5 36. Bc3 {Hoping for dxe6+.} exd5 37. Rxd5 Re7 38. Rd7 Rae8 39. Rxe7+ Rxe7 {[%mdl 4096] Endgame KRB-KR} 40. Rd2 Re1 41. g3 Re7 42. Rd6 Kg6 43. Rxb6 Re2+ 44. Bd2 Rxf2 45. a5 Rf1 46. a6 Ra1 47. Bc3 {White mates.} Ra2+ 48. Bb2 Kf5 49. Kb1 Ra5 50. Bc3 Ra3 51. Kb2 Rxa6 52. Rxa6 Kg4 53. b4 Kxg3 54. bxc5 Kxh4 55. c6 Kg3 56. c7 h4 57. c8=Q h3 58. Qf5 h2 59. Ra1 g5 60. Rh1 g4 61. Qxf6 Kh3 62. Qe5 {[%csl Ge5][%cal Rh1h2]} g3 63. Be1 {[%csl Ge1][%cal Re5g3]} Kg2 64. Qxg3+ Kxh1 65. Qf3+ Kg1 66. Bf2+ Kf1 67. Bg3+ Kg1 {[#]} 68. Bxh2+ $1 {Accuracy: White = 90%, Black = 38%.} 1-0

[Event "Stay Safe Play From Home 235"]
[Site "Emanuel Lasker Arena"]
[Date "2020.06.18"]
[Round "1"]
[White "Bardellosport"]
[Black "Meclion"]
[Result "1-0"]
[WhiteElo "2051"]
[BlackElo "1363"]
[Annotator "TA"]
[PlyCount "87"]
[EventDate "2020.06.18"]
[EventType "swiss (blitz)"]

{[%evp 9,87,14,50,47,70,60,111,66,133,110,181,85,327,313,354,105,100,63,45,45,48,39,77,70,79,40,81,39,76,-6,34,0,16,-50,-42,-46,-32,-30,37,-27,-15,-50,20,27,86,87,79,75,139,137,178,161,361,395,392,366,452,447,393,396,604,598,584,550,876,1089,29982,29983,29986,29987,29988,29988,29989,29987,29988,29989,29989,29989,29989,29989]} 1. d3 e6 2. Nf3 d5 3. g3 Bd6 4. Bg2 c6 5. Nbd2 {[#]} Bd7 $146 ({Predecessor:} 5... e5 6. O-O Bg4 7. h3 Bh5 8. c4 d4 9. Ne4 Bc7 10. Qb3 Qc8 11. e3 b6 12. Kh2 f5 13. Nc3 Bxf3 14. Bxf3 Nf6 15. c5 Qd7 16. Nb5 Ke7 17. Nxc7 Qxc7 18. cxb6 axb6 {1-0 (18) Souza,R (2176)-Tejo,J (1941) Joao Pessoa 2018}) 6. e4 {A04: Unusual lines after 1 Nf3 and King's Indian Attack.} b5 7. c3 Qb6 (7... a5 $14) 8. Qc2 {White is better.} Nf6 (8... c5 $14) 9. O-O {[#] e5 is the strong threat.} Ng4 (9... Be7 $16 {was necessary.}) 10. h3 (10. d4 $18) 10... Ne3 $2 (10... Nxf2 $16 {is a better defense.} 11. Rxf2 Bxg3 {[%mdl 64] Pin}) 11. fxe3 $18 Qxe3+ 12. Rf2 $2 (12. Kh2 $18 {has better winning chances.} Qb6 13. d4) 12... Bxg3 $16 {[%mdl 64] [#] Pin} 13. Nf1 (13. Nb3 {feels hotter.} Bxf2+ 14. Qxf2 Qxf2+ 15. Kxf2 Na6 16. Be3) 13... Bxf2+ 14. Qxf2 Qxf2+ 15. Kxf2 O-O 16. Be3 {[%mdl 1024] White has strong compensation.} Na6 17. Rd1 Nc7 18. d4 a5 19. e5 (19. Bf4 $16 Rfc8 20. N1d2) 19... Na6 20. Rd2 b4 21. Rc2 ({White should play} 21. Ne1 $11) 21... bxc3 $15 22. bxc3 Rab8 23. N1d2 Rb7 ({Black should try} 23... c5 $11) 24. Ke2 (24. Bf1 $14 Ra8 25. Kg3) 24... Rfb8 25. Nb3 h6 (25... a4 $15 26. Nc1 c5) 26. Nxa5 $11 Rb2 (26... Ra7 $11) 27. Kd2 $16 {Black is on the road to losing.} Rxc2+ 28. Kxc2 Rb5 (28... Ra8 $142) 29. Nb3 Nc7 30. Bf1 {And now Nc5 would win.} Bc8 $2 (30... Rb8 31. Nc5 Bc8) 31. Bxb5 $18 Nxb5 32. Nc5 Na3+ 33. Kb3 Nc4 34. Bc1 Na5+ (34... Kf8 $142 35. Nd2 Nb6) 35. Kb4 Nc4 36. Nd2 Nxd2 37. Bxd2 Ba6 38. Nxa6 {White mates.} c5+ 39. Nxc5 f6 40. exf6 gxf6 41. Nxe6 f5 42. Nc5 Kf7 43. Bxh6 f4 44. Bxf4 {Accuracy: White = 50%, Black = 26%.} 1-0

[Event "Stay Safe Play From Home 235"]
[Site "Emanuel Lasker Arena"]
[Date "2020.06.18"]
[Round "1"]
[White "Haris kollari 13"]
[Black "BrainThinker22"]
[Result "0-1"]
[WhiteElo "1693"]
[BlackElo "2271"]
[Annotator "NA RC"]
[PlyCount "40"]
[EventDate "2020.06.18"]
[EventType "swiss (blitz)"]

1. e4 {[%emt 0:00:01]} c6 {[%emt 0:00:01]} 2. f4 {[%emt 0:00:01]} d5 {[%emt 0:00:00]} 3. e5 {[%emt 0:00:00]} Bf5 {[%emt 0:00:01]} 4. d4 {[%emt 0:00:01]} e6 {[%emt 0:00:01]} 5. Nf3 {[%emt 0:00:00]} c5 {[%emt 0:00:01]} 6. c3 {[%emt 0:00:01]} Qb6 {[%emt 0:00:01]} 7. b3 {[%emt 0:00:02]} Nc6 {[%emt 0:00:01]} 8. Bb2 {[%emt 0:00:02]} Rc8 {[%emt 0:00:01]} 9. Nbd2 {[%emt 0:00:01]} cxd4 {[%emt 0:00:01]} 10. cxd4 {[%emt 0:00:02]} Nb4 {[%emt 0:00:01]} 11. Rc1 {[%emt 0:00:12]} Rc2 {[%emt 0:00:10]} 12. Bc3 {[%emt 0:00:13]} Rxc1 {[%emt 0:00:11]} 13. Qxc1 {[%emt 0:00:03]} Nxa2 {[%emt 0:00:01]} 14. Qb2 {[%emt 0:00:03]} Nxc3 {[%emt 0:00:02]} 15. Qxc3 {[%emt 0:00:01]} Qc6 {[%emt 0:00:00]} 16. Qxc6+ {[%emt 0:00:09]} bxc6 {[%emt 0:00:00]} 17. Be2 {[%emt 0:00:01]} Bb4 {[%emt 0:00:01]} 18. Nh4 {[%emt 0:00:02]} Ne7 {[%emt 0:00:04]} 19. Nhf3 {[%emt 0:00:03]} Kd7 {[%emt 0:00:01]} 20. O-O {[%emt 0:00:03]} Bxd2 {[%emt 0:00:01] Time (Lag: Av=0.39s, max=0.8s)} 0-1

[Event "Stay Safe Play From Home 235"]
[Site "Emanuel Lasker Arena"]
[Date "2020.06.18"]
[Round "1"]
[White "Trotsky"]
[Black "Little champs"]
[Result "1-0"]
[WhiteElo "1474"]
[BlackElo "2339"]
[Annotator "TA"]
[PlyCount "45"]
[EventDate "2020.06.18"]
[EventType "swiss (blitz)"]

{[%evp 9,44,39,76,52,56,-14,0,-20,20,8,16,-29,-11,-46,-57,-214,-179,-219,-207,-204,-206,-226,-183,-207,-131,-516,0,0,0,-442,-439,-426,-76,-75,-38,-75,29999]} 1. d4 d5 2. e3 c6 3. c4 Nf6 4. Nc3 dxc4 5. Bxc4 g6 {[#]} 6. Qc2 $146 {D10: Slav Defence: 3 cxd5 (without early Nf3) and 3 Nc3.} ({Predecessor:} 6. Nf3 Bg7 7. O-O O-O 8. e4 b5 9. Bd3 b4 10. Na4 Ba6 11. Re1 Bxd3 12. Qxd3 Qa5 13. Qb3 {1-0 (48) Stojanovic,M (2522)-Lemmers,O (2327) Porto Carras 2018}) 6... Bg7 7. Bd3 ({White should try} 7. Nf3 $14) 7... O-O 8. Bd2 {The position is equal.} Nbd7 (8... c5 $5) 9. Nf3 Qc7 10. Ng5 e5 11. h4 exd4 12. Nce4 $2 (12. exd4 $15 Re8+ 13. Kf1) 12... Nxe4 13. Bxe4 dxe3 14. Bxe3 Nf6 15. Bd3 Re8 16. O-O-O Qa5 17. h5 $2 {[%mdl 8192] [#]} (17. Qb3 $17 {is a better chance.} Nd5 18. Bd2 Qc5+ 19. Qc2) 17... Qxa2 $2 (17... Rxe3 $1 $19 {[%mdl 512]} 18. fxe3 Qxg5 {[%mdl 64] Double Attack} 19. hxg6 hxg6) 18. hxg6 $11 hxg6 {[#] White must now prevent ...Nd5.} 19. Bxg6 $2 {[%mdl 8192]} (19. Nxf7 $1 $11 {[%mdl 512] and White has nothing to worry.} Qa1+ (19... Qxf7 20. Bxg6) 20. Kd2 Qa5+ 21. Kc1) 19... fxg6 $19 20. Qxg6 {[#]} Qa1+ $2 (20... Bg4 $1 $19 {[%cal Rg4d1] and Black stays clearly on top.} 21. Rh8+ {[%mdl 64] Decoy} Kxh8 22. Nf7+ {[#]} Qxf7 $1 {[%mdl 512]} 23. Qxf7 Bxd1 24. Kxd1 Nd5 25. Qxb7 Nxe3+ 26. fxe3 Rad8+ 27. Ke2 Bh6 28. Qxc6 Rxe3+ 29. Kf2 Rf8+ 30. Kg1 Re1+ 31. Kh2 Bf4+ 32. Kh3 Re3+ 33. Kg4 Re7) 21. Kc2 $17 {[%csl Gg5][%cal Rg6f7]} Qa4+ ({Wrong is} 21... Qa2 $2 22. Rd6 $18) 22. Kb1 {[%csl Gg5][%cal Rg6f7]} Qb5 $2 {[%mdl 8192]} (22... Be6 $17 23. Nxe6 Rxe6) 23. Qf7# {Accuracy: White = 42%, Black = 40%.} 1-0

[Event "Stay Safe Play From Home 235"]
[Site "Emanuel Lasker Arena"]
[Date "2020.06.18"]
[Round "2"]
[White "Broken sword"]
[Black "Bardellosport"]
[Result "1-0"]
[WhiteElo "2425"]
[BlackElo "2052"]
[Annotator "TA"]
[PlyCount "47"]
[EventDate "2020.06.18"]
[EventType "swiss (blitz)"]

{[%evp 9,47,52,73,68,87,48,109,63,58,55,55,-14,83,77,244,252,302,311,292,227,29999,352,378,377,412,256,308,257,336,389,391,-222,335,335,813,769,879,827,1134,1114]} 1. e4 d6 2. d4 g6 3. Nc3 Bg7 4. Be3 Nd7 5. Qd2 e6 6. Nge2 {B06: Modern Defence.} c6 7. f3 {[#]} Qc7 $146 ({Black should try} 7... b5 $14) ({Predecessor:} 7... Ne7 8. O-O-O d5 9. h4 b5 10. g4 a5 11. h5 a4 12. exd5 Nxd5 13. Nxd5 cxd5 14. hxg6 hxg6 15. Rxh8+ Bxh8 {1-0 (29) Cole,S (1203)-Tittarelli,A (1100) LSS email 2013}) 8. h4 {White is better.} h5 9. O-O-O b5 10. Kb1 ({White should play} 10. d5 $14 Ne5 11. Nd4) 10... b4 (10... Nb6 $11) 11. Na4 $16 c5 $2 (11... a5 $16) 12. dxc5 $18 Nxc5 13. Nxc5 ({And not} 13. Qxb4 Rb8 $11) 13... dxc5 14. Nc1 {[#] And now Bb5+ would win.} Qe5 $2 (14... Bf6 $18 15. Nb3 Rb8 16. Nxc5 Be7) 15. Nd3 $2 (15. Qd8# {mates}) 15... Qc7 16. Bxc5 (16. Nxc5 Rb8 $18) 16... Ne7 17. Bxb4 Bb7 18. Ba3 Rc8 19. Nc5 O-O 20. Qd7 $4 {[%mdl 8192] [#]} (20. g4 $18 {and life is good for White.}) 20... Qxd7 $4 {[%mdl 8192]} (20... Rfd8 $19 {avoids the disaster. Hoping for ...Bc6.} 21. c3 Rxd7 22. Rxd7 Qg3 23. Rxb7 Qe1+ 24. Kc2 Qf2+ 25. Kb1 Rxc5 26. Bxc5 Qxc5 27. Rb8+ Kh7) 21. Rxd7 {[%cal Bd1d7,Bd7b7,Bb7e7][%mdl 32]} ({But not} 21. Nxd7 Rfe8 $18) 21... Rfe8 $2 (21... Rfd8 22. Rxd8+ Rxd8) 22. Rxb7 {White is clearly winning.} Bd4 23. Nb3 Bb6 24. Rxe7 {Accuracy: White = 38%, Black = 20%.} 1-0

[Event "Stay Safe Play From Home 235"]
[Site "Emanuel Lasker Arena"]
[Date "2020.06.18"]
[Round "2"]
[White "Mepe_Nika"]
[Black "Toosieslide"]
[Result "1-0"]
[WhiteElo "2357"]
[BlackElo "2279"]
[Annotator "TA"]
[PlyCount "125"]
[EventDate "2020.06.18"]
[EventType "swiss (blitz)"]

{[%evp 20,125,-19,-22,-17,-27,-27,-23,-19,-50,-18,-72,-18,-98,-89,-106,0,0,7,0,34,31,26,26,26,14,123,14,26,26,26,26,27,32,33,9,8,13,77,22,44,0,0,0,0,0,47,0,0,0,49,22,318,314,370,369,369,335,371,280,417,393,418,423,502,498,525,501,603,566,679,678,671,666,1025,968,1345,1446,1593,1266,29986,29987,29987,29985,29985,29984,29989,29990,29990,29987,29987,29988,29988,29989,29989,29990,29990,29991,29991,29992,29992,29992,29993,29993,29993,29994,29994,29995]} 1. d4 d5 2. Bf4 Nf6 3. e3 c5 4. c3 e6 5. Nd2 Bd6 6. Bxd6 Qxd6 7. Ngf3 Nc6 8. Bb5 O-O 9. O-O Bd7 10. Bxc6 Bxc6 11. Ne5 Nd7 {D02: 1 d4 d5 2 Nf3 sidelines, including 2...Nf6 3 g3 and 2...Nf6 3 Bf4.} 12. f4 f6 13. Nxd7 Bxd7 {Black has an edge.} 14. Qh5 {[#]} Rae8 $146 ({Predecessor:} 14... Bb5 15. Rf2 Bd3 16. g4 Rae8 17. Rd1 cxd4 18. cxd4 Rc8 19. Nf3 Qa6 20. a3 Bc2 {0-1 (32) Schlindwein,R (2425)-Timman,J (2635) Walldorf 1998}) 15. Rf3 (15. Rf2 $11) 15... Re7 (15... Qb6 $17 16. b3 g6) 16. Rh3 (16. Rf2 $11 {remains equal.}) 16... g6 $17 17. Qh4 e5 (17... Qb6 $17 {Strongly threatening ...e5.} 18. Rf3 Qxb2) 18. fxe5 $11 fxe5 19. Rf3 $36 {[%mdl 2048] White is pushing.} Rxf3 20. Nxf3 exd4 21. exd4 cxd4 22. Qxd4 Re4 (22... Re2 $11 {keeps the balance.}) 23. Qd2 (23. Qxa7 $16 Bc6 24. Nd4) 23... Qc5+ 24. Kh1 Bg4 25. Nd4 Qf8 26. h3 Bd7 27. Re1 (27. Qg5 {keeps more tension.} Bc6 28. Kg1 Qe7 29. Qg3 a6 30. Rf1) 27... Rxe1+ 28. Qxe1 Qf6 (28... Qf4 $11) 29. Qe2 (29. Qg3 $16) 29... a6 30. Qf3 (30. Qe3 {feels hotter.} Qd6 31. a3 Kf7 32. g4 Kg7 33. Nf3) 30... Qxf3 31. Nxf3 {[%mdl 4096] Endgame KB-KN} Kf7 32. Kg1 Ke6 33. Kf2 Kf5 34. Ke3 Bc6 35. g4+ Ke6 $2 {[%mdl 8192] [#] Now Black is done in.} (35... Kf6 $11 {and Black has nothing to worry.}) 36. Ng5+ $18 Kf6 37. Nxh7+ Kg7 38. Ng5 Kf6 39. Nf3 Bb5 (39... g5 $142 40. Kd4 Bd7) 40. h4 Bc4 41. b3 Bf1 42. Kf4 Bg2 43. g5+ Kg7 44. Ne5 Bf1 45. Ng4 Be2 46. Ne3 d4 47. cxd4 Bb5 48. Nc4 Bd7 49. Nd6 Bb5 50. Nxb5 {White mates.} axb5 {KP-KP} 51. a4 Kf7 52. axb5 Ke7 53. Ke5 Kd7 54. Kf6 Kc7 55. Kxg6 Kb6 56. h5 Kxb5 57. h6 Kb4 58. h7 Kxb3 59. h8=Q Kc4 {[#]} 60. d5 $1 Kxd5 61. Qb2 Kd6 62. Kf5 Kd5 63. g6 {Accuracy: White = 71%, Black = 44%.} 1-0

[Event "Stay Safe Play From Home 235"]
[Site "Emanuel Lasker Arena"]
[Date "2020.06.18"]
[Round "2"]
[White "BrainThinker22"]
[Black "Trotsky"]
[Result "1-0"]
[WhiteElo "2272"]
[BlackElo "1508"]
[Annotator "NA RC"]
[PlyCount "45"]
[EventDate "2020.06.18"]
[EventType "swiss (blitz)"]

1. e4 {[%emt 0:00:01]} c5 {[%emt 0:00:01]} 2. Nc3 {[%emt 0:00:01]} e6 {[%emt 0:00:01]} 3. g3 {[%emt 0:00:00]} d5 {[%emt 0:00:01]} 4. Bg2 {[%emt 0:00:00]} Nc6 {[%emt 0:00:02]} 5. exd5 {[%emt 0:00:02]} exd5 {[%emt 0:00:01]} 6. Nxd5 {[%emt 0:00:00]} Be6 {[%emt 0:00:01]} 7. Nc3 {[%emt 0:00:02]} a6 {[%emt 0:00:02]} 8. d3 {[%emt 0:00:03]} Bd6 {[%emt 0:00:01]} 9. Be3 {[%emt 0:00:01]} Qc7 {[%emt 0:00:01]} 10. Qd2 {[%emt 0:00:01]} Nf6 {[%emt 0:00:01]} 11. Nge2 {[%emt 0:00:00]} h5 {[%emt 0:00:02]} 12. h3 {[%emt 0:00:01]} O-O-O {[%emt 0:00:03]} 13. a3 {[%emt 0:00:02]} h4 {[%emt 0:00:04]} 14. g4 {[%emt 0:00:01]} Ne5 {[%emt 0:00:09]} 15. f4 {[%emt 0:00:02]} Nexg4 {[%emt 0:00:03]} 16. hxg4 {[%emt 0:00:01]} Bxg4 {[%emt 0:00:01]} 17. O-O-O {[%emt 0:00:02]} Kb8 {[%emt 0:00:02]} 18. Bh3 {[%emt 0:00:02]} Bxh3 {[%emt 0:00:02]} 19. Rxh3 {[%emt 0:00:00]} Rc8 {[%emt 0:00:01]} 20. Rdh1 {[%emt 0:00:02]} Qa5 {[%emt 0:00:01]} 21. Rxh4 {[%emt 0:00:01]} Rhd8 {[%emt 0:00:06]} 22. Ne4 {[%emt 0:00:02]} Nxe4 {[%emt 0:00:05]} 23. Qxa5 {[%emt 0:00:01] Trotsky Ñäàåòñÿ (Lag: Av=0.30s, max=0.5s)} 1-0